000 00467nam a2200157 i 4500
001 75378
003 ES-MaACL
005 20230906172430.0
007 t|
008 040924s1938 fr ||||1| fre d
100 1 _aGrappe, André.
_959673
245 1 3 _aLa pensée de Maurice Pradines dans ses rapports avec celle de Paul Valéry /
_cAndré Grappe.
260 _aParis :
_bFélix Alcan,
_c1938.
300 _a140 p. ;
_c19 cm.
852 _aES-MaACL
_jC-15544
_bR.43247
999 _c75378
_d75378